UK Birds by Picture 2 - Statistics

General Stats
  • This quiz has been taken 49 times
  • The average score is 10 of 16
Answer Stats
Picture Answer % Correct
Swift
85%
Mistle Thrush
83%
Hobby
78%
Reed Bunting
78%
Goldeneye
75%
Reed Warbler
73%
Stonechat
68%
Black Guillemot
63%
Hawfinch
63%
Wheatear
60%
Velvet Scoter
53%
Linnet
50%
European Shag
43%
Bohemian Waxwing
40%
Rough-Legged Buzzard
35%
Woodchat Shrike
30%
No matching quizzes found
Score Distribution
Percent of People with Each Score
Percentile by Number Answered
Your Score History
You have not taken this quiz